00466 2200181 4500001002100000005001500021008004100036020002200077035001900099041000600118082001000124090001600134100001800150245005000168260002900218300002700247650001000274INLIS00000000000422020241224112853241224||||||||| | ||| |||| ||  a978-602-8663-36-6 0010-1224004220 a00 a741.5 a741.5 DYA d0 aDyah P. Rinni00aDetektif IMAI dan Kasus Ruangan Separuh Retak aJakartabBuah Hatic2011 a218 hlm.; ilus.: 20 cm 0aNovel